| 000 | 00522nam a2200157 i 4500 | ||
|---|---|---|---|
| 001 | 147540 | ||
| 003 | ES-MaACL | ||
| 005 | 20230906202054.0 | ||
| 007 | t| | ||
| 008 | 071003s1975 sp ||||1| spa d | ||
| 110 | 2 |
_aUniversidad Autónoma de Madrid. _97060 |
|
| 245 | 1 | 0 |
_aGuía de actividades culturales deportiva y asistenciales _b: (curso 1974-75) / _cUniversidad Autónoma.- Madrid. |
| 260 |
_aMadrid : _b[s.n.], _c1975 ( _fOrnigraf) |
||
| 300 |
_a94 p., 1 h. pleg. ; _c21 cm. |
||
| 852 |
_aES-MaACL _jE-7583 _bR.92019 |
||
| 999 |
_c147540 _d147540 |
||